000 00632nam a2200265Ia 4500
005 20260306164631.0
008 008 260114s9999 xx 000 0 eng d
020 _a9781399539296
037 _aEBOOK
040 _aCRL
040 _beng
040 _cCRL
041 _2eng
041 _aeng
084 _qCRL
100 _aTaylor
245 0 _aNew Perspectives on Spinoza's Theologico-Political Treatise
260 _bEdinburgh Scholarship Online
260 _c2025
650 _aPhilosophy
856 _uhttps://academic.oup.com/book/61026
942 _cEBOOK
999 _c1714826
_d1714826